书目信息 |
| 题名: |
音乐表演艺术论稿
|
|
| 作者: | 张前 著 | |
| 分册: | ||
| 出版信息: | 北京 中央民族大学出版社 2004 |
|
| 页数: | 199页 | |
| 开本: | 21cm | |
| 丛书名: | 现代远程音乐教育丛书 | |
| 单 册: | ||
| 中图分类: | J604.6 | |
| 科图分类: | ||
| 主题词: | 音乐表演学--远程教育--教材 | |
| 电子资源: | ||
| ISBN: | 7-81056-936-8 | |
| 000 | 01296nam0 2200373 450 | |
| 000 | 01259nam0 2200361 450 | |
| 000 | 01223nam0 2200349 450 | |
| 000 | 01221nam0 2200361 450 | |
| 000 | 01167nam0 2200337 450 | |
| 000 | 01185nam0 2200325 450 | |
| 000 | 01148nam0 2200313 45 | |
| 001 | TS-180636 | |
| 005 | 20061211110754.09 | |
| 010 | @a7-81056-936-8@dCNY38.00 | |
| 100 | @a20060829d2004 em y0chiy0110 ea | |
| 101 | 0 | @achi |
| 102 | @aCN@b110000 | |
| 105 | @ay a 000yy | |
| 200 | 1 | @a音乐表演艺术论稿@Ayin yue biao yan yi shu lun gao@f张前著@FZhang Qian Zhu |
| 210 | @a北京@c中央民族大学出版社@d2004 | |
| 215 | @a199页@d21cm@e光盘1片 | |
| 225 | 2 | @a现代远程音乐教育丛书 |
| 300 | @a教育部人文社会科学重点研究基地基金资助 | |
| 307 | @a附光盘:ISBN 7-89994-022-2 | |
| 320 | @a有书目 | |
| 330 | @a本书讲解了音乐表演创作的美学原则、乐谱的版本、音乐作品的形式、内涵、对风格的把握、现代音乐美学理论对音乐表演的启示、音乐表演心理等内容。 | |
| 410 | 0 | @12001 @a现代远程音乐教育丛书 |
| 606 | 0 | @a音乐表演学@x远程教育@y教材 |
| 690 | @aJ604.6@v4 | |
| 701 | 0 | @a张前@Azhang qian@4著 |
| 801 | 0 | @aCN@b中图数据@c20061211 |
| 905 | @a10447@dJ604.6@e386 | |
| 音乐表演艺术论稿/张前著.-北京:中央民族大学出版社,2004 |
| 199页;21cm+光盘1片.-(现代远程音乐教育丛书) |
| 教育部人文社会科学重点研究基地基金资助 |
| ISBN 7-81056-936-8:CNY38.00 |
| 本书讲解了音乐表演创作的美学原则、乐谱的版本、音乐作品的形式、内涵、对风格的把握、现代音乐美学理论对音乐表演的启示、音乐表演心理等内容。 |
| ● |
| 相关链接 |
|
|
|
|
正题名:音乐表演艺术论稿
索取号:J604.6/386
 
预约/预借
| 序号 | 登录号 | 条形码 | 馆藏地/架位号 | 状态 | 备注 |
| 1 | 0606650 | 206066503 | 第一样本阅览室/ [索取号:J604.6/386] | 在馆 | |
| 2 | 0606651 | 206066512 | 第一借阅区/ [索取号:J604.6/386] | 在馆 | |
| 3 | 0606652 | 206066521 | 第一借阅区/ [索取号:J604.6/386] | 在馆 | |
| 4 | 0606653 | 206066530 | 第一借阅区/ [索取号:J604.6/386] | 在馆 | |
| 5 | 0606654 | 206066549 | 第一借阅区/ [索取号:J604.6/386] | 在馆 |